000 00616nam a22002057a 4500
999 _c3791
_d3791
003 AR-CdUCM
008 190307b ||||| |||| 00| 0 spa d
040 _aMUNICIPALIDAD PROVINCIAL DEL CUSCO
_cBIBLIOTECA MUNICIPAL DEL CUSCO
082 _a808.0683 /
_bD69
100 _aIsard, Marcel d'
_912239
245 _aSissi y el vals de Strauss /
260 _aBarcelona :
_bEditorial Bruguera,
_c1967.
300 _a255 paginas ;
_c20 cm.
505 _aContenido :Novela.
650 _aNovelas espaƱolas
_9584
650 _aSiglo XX
_98
650 _aLiteratura espaƱola
_9362
942 _2ddc
_cLIBROS
945 _arum